[Event "Santa Catarina State-ch U20 Girls"]
[Site "Blumenau"]
[Date "2018.08.25"]
[Round "3.1"]
[White "De Bem, Lais Colin"]
[Black "Rodio, Julia Brunetto"]
[Result "0-1"]
[WhiteElo "1552"]
[BlackElo "1772"]
[PlyCount "126"]
[EventDate "2018.08.24"]
[EventType "swiss"]
[EventRounds "6"]
[EventCountry "BRA"]
[SourceTitle "EXT 2022"]
[Source "ChessBase"]
[SourceDate "2021.10.06"]
[SourceVersion "1"]
[SourceVersionDate "2021.10.06"]
[SourceQuality "1"]

1. c4 e5 2. e3 Nc6 3. d4 exd4 4. exd4 d5 5. Nf3 Bg4 6. Be3 Nf6 7. c5 g6 8. Bd3 Bg7 9. h3 Bxf3 10. Qxf3 Nb4 11. Qe2 Nxd3+ 12. Qxd3 c6 13. 0-0 Qc7 14. Re1 0-0 15. Nd2 Rfe8 16. Bg5 Nh5 17. Nb3 h6 18. Bd2 Nf6 19. Qf3 Ne4 20. Bf4 Qd7 21. Rad1 Re6 22. Qd3 Rae8 23. Be3 f5 24. Nc1 g5 25. Ne2 f4 26. Bd2 Nxd2 27. Rxd2 Re4 28. Red1 Qe7 29. Kf1 Bxd4 30. b4 Bc3 31. Qxc3 Rxe2 32. Rc2 Qe4 33. Rdc1 h5 34. a3 g4 35. h4 g3 36. f3 Qe7 37. Rxe2 Qxe2+ 38. Kg1 Qf2+ 39. Kh1 Re2 40. Rg1 Rc2 41. Qd3 Qxg1+ 42. Kxg1 Rc1+ 43. Qf1 Rxf1+ 44. Kxf1 Kf7 45. Ke2 Ke6 46. Kd2 Ke5 47. Kd3 a6 48. a4 a5 49. bxa5 d4 50. Kc4 d3 51. Kxd3 Kd5 52. Kc2 Kc4 53. Kd2 Kd4 54. Ke2 Kxc5 55. Kd3 Kd5 56. Kc3 c5 57. Kd3 c4+ 58. Kc3 Kc5 59. a6 bxa6 60. a5 Kb5 61. Kd4 Kb4 62. Ke4 c3 63. Kxf4 c2 0-1

[Event "Caioba Telecom op"]
[Site "Caioba"]
[Date "2018.08.05"]
[Round "9"]
[White "Jesus Filho, Jose Carlos"]
[Black "De Bem, Lais Colin"]
[Result "1/2-1/2"]
[WhiteElo "1772"]
[BlackElo "1552"]
[PlyCount "61"]
[EventDate "2018.08.01"]
[EventType "swiss"]
[EventRounds "9"]
[EventCountry "BRA"]
[SourceTitle "CBM 186 Extra"]
[Source "ChessBase"]
[SourceDate "2018.08.24"]
[SourceVersion "1"]
[SourceVersionDate "2018.08.24"]
[SourceQuality "1"]

1. e4 c5 2. Nf3 e6 3. c3 a6 4. d4 cxd4 5. cxd4 Nc6 6. d5 Nb8 7. dxe6 dxe6 8. Qxd8+ Kxd8 9. Nc3 Nc6 10. Be3 Bb4 11. 0-0-0+ Ke7 12. Na4 Nf6 13. a3 Bd6 14. Nb6 Rb8 15. Nc4 Bc7 16. Bc5+ Ke8 17. Bd3 b6 18. Bd6 Bxd6 19. Nxd6+ Ke7 20. Nxc8+ Rbxc8 21. Bxa6 Rc7 22. Kb1 Nxe4 23. Rc1 Rd8 24. Ne5 Nc5 25. Nxc6+ Rxc6 26. b4 Rb8 27. Ka2 b5 28. Rhd1 Rxa6 29. Rxc5 Rba8 30. Rd3 Rb6 31. Rc7+ 1/2-1/2

[Event "Caioba Telecom op"]
[Site "Caioba"]
[Date "2018.08.04"]
[Round "7"]
[White "De Bem, Lais Colin"]
[Black "De Oliveira, Wythor Rogerio"]
[Result "1-0"]
[WhiteElo "1552"]
[BlackElo "1291"]
[PlyCount "89"]
[EventDate "2018.08.01"]
[EventType "swiss"]
[EventRounds "9"]
[EventCountry "BRA"]
[SourceTitle "CBM 186 Extra"]
[Source "ChessBase"]
[SourceDate "2018.08.24"]
[SourceVersion "1"]
[SourceVersionDate "2018.08.24"]
[SourceQuality "1"]

1. c4 Nf6 2. d4 g6 3. Nc3 Bg7 4. e4 d6 5. f3 0-0 6. Be3 b6 7. Qd2 Bd7 8. Bd3 a6 9. Nge2 c6 10. h4 b5 11. g4 e5 12. 0-0-0 b4 13. Nb1 Qa5 14. b3 Qb6 15. dxe5 c5 16. exf6 Bxf6 17. Bg5 Bg7 18. h5 f6 19. Bh6 g5 20. Bxg7 Kxg7 21. Rdg1 h6 22. f4 a5 23. Qb2 Kg8 24. Nd2 Nc6 25. Nf1 a4 26. Ne3 Nd4 27. Nxd4 cxd4 28. Nd5 Qc5 29. Ne7+ Kg7 30. fxg5 fxg5 31. Nf5+ Bxf5 32. exf5 axb3 33. axb3 Qe5 34. Qd2 Qa5 35. Re1 d5 36. Re7+ Kg8 37. Rhe1 Qa1+ 38. Bb1 dxc4 39. bxc4 Rfc8 40. Qxb4 Rab8 41. Rb7 Rxb7 42. Qxb7 Qc3+ 43. Kd1 Qxc4 44. f6 d3 45. Qg7# 1-0

[Event "Catarinense-ch (Women)"]
[Site "Blumenau"]
[Date "2017.05.20"]
[Round "4"]
[White "Da Silva, Ana Caroline"]
[Black "De Bem, Lais Colin"]
[Result "0-1"]
[WhiteElo "1173"]
[BlackElo "1543"]
[PlyCount "56"]
[EventDate "2017.05.19"]
[EventType "swiss"]
[EventRounds "6"]
[EventCountry "BRA"]
[SourceTitle "CBM 178 Extra"]
[Source "ChessBase"]
[SourceDate "2017.06.22"]
[SourceVersion "1"]
[SourceVersionDate "2017.06.22"]
[SourceQuality "1"]

1. e4 c5 2. Nf3 e6 3. Nc3 Qc7 4. d4 cxd4 5. Nxd4 a6 6. Be3 Bb4 7. Qd2 Nf6 8. f3 d5 9. Bd3 dxe4 10. fxe4 b5 11. Nde2 Bb7 12. a3 Bd6 13. 0-0-0 0-0 14. h3 Rd8 15. g4 b4 16. axb4 Bxb4 17. Qe1 Bxe4 18. Bxe4 Nxe4 19. Bd2 Nxd2 20. Rxd2 Nc6 21. Rf1 Ne5 22. Rxd8+ Rxd8 23. Qg3 h6 24. h4 Bxc3 25. Nxc3 Nd3+ 26. Qxd3 Rxd3 27. cxd3 Qg3 28. Kc2 Qg2+ 0-1

[Event "BRA-ch U16 Girls"]
[Site "Itajai"]
[Date "2016.06.11"]
[Round "4"]
[White "De Bem, Lais Colin"]
[Black "Bertoldi, Thayna Nicole"]
[Result "1-0"]
[WhiteElo "1519"]
[BlackElo "1757"]
[PlyCount "81"]
[EventDate "2016.06.09"]
[EventType "swiss"]
[EventRounds "6"]
[EventCountry "BRA"]
[SourceTitle "CBM 172 Extra"]
[Source "ChessBase"]
[SourceDate "2016.06.21"]
[SourceVersion "1"]
[SourceVersionDate "2016.06.21"]
[SourceQuality "1"]

1. c4 d5 2. cxd5 Qxd5 3. Nc3 Qa5 4. d4 Nf6 5. Bd2 Qb6 6. Bc1 Bf5 7. e3 e6 8. Bd3 Nc6 9. Bxf5 exf5 10. Nf3 0-0-0 11. 0-0 Bb4 12. Qb3 Rhf8 13. a3 Bxc3 14. Qxb6 axb6 15. bxc3 Na5 16. Nd2 g5 17. Bb2 b5 18. Rfc1 Ne4 19. Nxe4 Nb3 20. Nxg5 Nxa1 21. Bxa1 f6 22. Ne6 Rg8 23. Nxd8 Kxd8 24. Rb1 c6 25. Rb4 Rg4 26. c4 Re4 27. cxb5 f4 28. Rb3 cxb5 29. Kf1 fxe3 30. Rxe3 Rxe3 31. fxe3 Kd7 32. Ke2 h5 33. e4 Ke6 34. d5+ Ke7 35. Kd3 h4 36. Kc3 Kd6 37. Kb4 f5 38. exf5 Kxd5 39. Kxb5 Ke4 40. f6 Kf5 41. f7 1-0

[Event "BRA-ch U16 Girls"]
[Site "Itajai"]
[Date "2016.06.10"]
[Round "3"]
[White "Juliatto, Clara Machado"]
[Black "De Bem, Lais Colin"]
[Result "1-0"]
[WhiteElo "1822"]
[BlackElo "1519"]
[PlyCount "133"]
[EventDate "2016.06.09"]
[EventType "swiss"]
[EventRounds "6"]
[EventCountry "BRA"]
[SourceTitle "CBM 172 Extra"]
[Source "ChessBase"]
[SourceDate "2016.06.21"]
[SourceVersion "1"]
[SourceVersionDate "2016.06.21"]
[SourceQuality "1"]

1. e4 c5 2. f4 e6 3. Nf3 Nf6 4. Nc3 d6 5. g3 Nc6 6. Bg2 Qc7 7. d3 Be7 8. 0-0 0-0 9. h3 a6 10. a4 b6 11. Be3 Bb7 12. Ne2 d5 13. exd5 Nxd5 14. Bf2 Bf6 15. c3 Rfd8 16. Rb1 Qd7 17. d4 cxd4 18. Nexd4 Nxd4 19. Nxd4 Ne7 20. Nf3 Qc7 21. Qc2 a5 22. Rfd1 Ba6 23. Rxd8+ Rxd8 24. Rd1 Nc6 25. Rxd8+ Bxd8 26. Qe4 Bb7 27. b4 Nxb4 28. Qd4 Nd5 29. c4 Bf6 30. Ne5 Ne7 31. Bxb7 Nf5 32. Qxb6 Qxb6 33. Bxb6 Nxg3 34. c5 Ne2+ 35. Kf2 Nxf4 36. Ng4 Bd4+ 37. Kg3 Nd3 38. Bxa5 Nxc5 39. Bf3 Nxa4 40. Kf4 Nc5 41. Be2 Nb3 42. Be1 Nc1 43. Bc4 Kf8 44. Bb4+ Ke8 45. Ba3 h5 46. Ne5 f6 47. Bb5+ Kd8 48. Nc6+ Kc7 49. Nxd4 e5+ 50. Ke4 exd4 51. Bxc1 Kb6 52. Bd3 Kc6 53. Kxd4 Kd6 54. Bf5 Ke7 55. Kd5 Kf7 56. Kd6 g6 57. Be6+ Kg7 58. Ke7 f5 59. Bg5 h4 60. Bxh4 Kh6 61. Kf6 Kh5 62. Bg3 f4 63. Bf2 g5 64. Kg7 g4 65. Bxg4+ Kg5 66. Bf3 Kf5 67. h4 1-0

[Event "Santa Catarina-ch sf1"]
[Site "Sao Bento do Sul"]
[Date "2016.03.06"]
[Round "5"]
[White "Da Silva Junior, Marco Aurelio"]
[Black "De Bem, Lais Colin"]
[Result "1-0"]
[WhiteElo "1806"]
[BlackElo "1553"]
[PlyCount "41"]
[EventDate "2016.03.04"]
[EventType "swiss"]
[EventRounds "6"]
[EventCountry "BRA"]
[SourceTitle "EXT 2018"]
[Source "ChessBase"]
[SourceDate "2017.10.13"]
[SourceVersion "1"]
[SourceVersionDate "2017.10.13"]
[SourceQuality "1"]

1. Nf3 d5 2. g3 c5 3. Bg2 Nf6 4. b3 e6 5. Bb2 Be7 6. d4 Nbd7 7. 0-0 0-0 8. Nbd2 b6 9. c4 Bb7 10. Re1 cxd4 11. cxd5 Rb8 12. Nxd4 Nxd5 13. e4 N5f6 14. e5 Nd5 15. Nc4 Rc8 16. Nb5 Ra8 17. Nbd6 Bxd6 18. Nxd6 Rb8 19. Nxb7 Rxb7 20. Bxd5 exd5 21. Qxd5 1-0

[Event "Blumenau Taca Santa Catarina op"]
[Site "Blumenau"]
[Date "2015.11.06"]
[Round "1.14"]
[White "Melo, Maicon Joao"]
[Black "De Bem, Lais Colin"]
[Result "1-0"]
[WhiteElo "1942"]
[BlackElo "1575"]
[PlyCount "71"]
[EventDate "2015.11.06"]
[EventType "swiss"]
[EventRounds "6"]
[EventCountry "BRA"]
[SourceTitle "EXT 2022"]
[Source "ChessBase"]
[SourceDate "2021.10.06"]
[SourceVersion "1"]
[SourceVersionDate "2021.10.06"]
[SourceQuality "1"]

1. e4 c5 2. c3 e6 3. d4 Nf6 4. e5 Nd5 5. Nf3 Nc6 6. c4 Nb6 7. d5 exd5 8. cxd5 Ne7 9. d6 Nc6 10. Nc3 g6 11. Nb5 Bg7 12. Nc7+ Kf8 13. Nxa8 Nxa8 14. Bf4 a6 15. Bd3 b5 16. 0-0 Bb7 17. Re1 Nb6 18. Rc1 c4 19. Bb1 Qe8 20. Qe2 Nd5 21. Bg3 Bh6 22. Rcd1 Nd8 23. Be4 Nb6 24. Bxb7 Nxb7 25. Bh4 Bg7 26. Qe3 Nc8 27. Nd4 Nd8 28. Bxd8 Qxd8 29. e6 dxe6 30. Nxe6+ fxe6 31. Qxe6 Bxb2 32. d7 Nb6 33. Re3 Kg7 34. Qe7+ Qxe7 35. Rxe7+ Kf6 36. Re8 1-0

[Event "Curitiba Sul Regional-ch"]
[Site "Curitiba"]
[Date "2015.07.12"]
[Round "5"]
[White "De Bem, Lais Colin"]
[Black "Bernardes, Arthur Feliphe Stru"]
[Result "0-1"]
[WhiteElo "1601"]
[BlackElo "1827"]
[PlyCount "87"]
[EventDate "2015.07.10"]
[EventType "swiss"]
[EventRounds "6"]
[EventCountry "BRA"]
[SourceTitle "EXT 2017"]
[Source "ChessBase"]
[SourceDate "2016.10.25"]
[SourceVersion "1"]
[SourceVersionDate "2016.10.25"]
[SourceQuality "1"]

1. c4 Nf6 2. d4 e5 3. dxe5 Ng4 4. Nf3 Bc5 5. e3 Nc6 6. a3 a5 7. b3 Ngxe5 8. Nxe5 Nxe5 9. Bb2 d6 10. Bxe5 dxe5 11. Qxd8+ Kxd8 12. Nc3 c6 13. Ne4 Be7 14. Rd1+ Kc7 15. c5 Be6 16. b4 f5 17. Nd6 axb4 18. axb4 Rhd8 19. Be2 Ra7 20. Rd2 Bxd6 21. cxd6+ Rxd6 22. Ra2 Bxa2 23. 0-0 Rd2 24. Re1 b5 25. Kf1 Rb2 26. Ra1 Rxb4 27. Ke1 Rb1+ 28. Rxb1 Bxb1 29. Kd2 Kd6 30. Kc3 Kd5 31. Kb4 e4 32. Bd1 Bd3 33. Bb3+ Bc4 34. Bxc4+ bxc4 35. Kc3 Kc5 36. g3 h6 37. h3 g6 38. h4 h5 39. Kb2 Kb4 40. Kc2 c3 41. Kc1 Kb3 42. Kb1 c2+ 43. Kc1 c5 44. g4 0-1

[Event "Curitiba Sul Regional-ch"]
[Site "Curitiba"]
[Date "2015.07.12"]
[Round "6"]
[White "Fier, Luciano dos Santos"]
[Black "De Bem, Lais Colin"]
[Result "0-1"]
[WhiteElo "1939"]
[BlackElo "1601"]
[PlyCount "62"]
[EventDate "2015.07.10"]
[EventType "swiss"]
[EventRounds "6"]
[EventCountry "BRA"]
[SourceTitle "EXT 2017"]
[Source "ChessBase"]
[SourceDate "2016.10.25"]
[SourceVersion "1"]
[SourceVersionDate "2016.10.25"]
[SourceQuality "1"]

1. d4 d5 2. c4 dxc4 3. Nc3 Nf6 4. Nf3 e6 5. Bg5 h6 6. Bh4 Be7 7. Qa4+ Nbd7 8. Qxc4 c5 9. e4 cxd4 10. Nxd4 a6 11. Be2 b5 12. Qd3 Bb7 13. f3 Ne5 14. Qd2 Bc5 15. Bf2 Rc8 16. 0-0 0-0 17. Rad1 Bb4 18. Qf4 Ng6 19. Qg3 Qc7 20. Qxc7 Rxc7 21. Bg3 Rcc8 22. Nb1 Rfd8 23. Bf2 Nf4 24. g3 Nh3+ 25. Kg2 Nxf2 26. Rxf2 Bc5 27. Nb3 Bxf2 28. Kxf2 Rxd1 29. Bxd1 Nd7 30. Nc3 Nc5 31. Nd4 Nd3+ 0-1

[Event "Curitiba Sul Regional-ch"]
[Site "Curitiba"]
[Date "2015.07.11"]
[Round "3"]
[White "De Bem, Lais Colin"]
[Black "Silva, Jailson Carvalho Da"]
[Result "1-0"]
[WhiteElo "1601"]
[BlackElo "1782"]
[PlyCount "75"]
[EventDate "2015.07.10"]
[EventType "swiss"]
[EventRounds "6"]
[EventCountry "BRA"]
[SourceTitle "EXT 2017"]
[Source "ChessBase"]
[SourceDate "2016.10.25"]
[SourceVersion "1"]
[SourceVersionDate "2016.10.25"]
[SourceQuality "1"]

1. c4 Nf6 2. d4 g6 3. b4 d5 4. e3 Bg7 5. Bb2 c6 6. Nf3 Be6 7. Nbd2 Ne4 8. Qc2 Bf5 9. Bd3 Nxd2 10. Nxd2 Bxd3 11. Qxd3 e6 12. 0-0 0-0 13. Rfc1 Nd7 14. cxd5 exd5 15. Nb3 Re8 16. a3 Nf6 17. Nc5 Qc8 18. f3 b6 19. Nb3 Re6 20. Nd2 Qd7 21. e4 dxe4 22. fxe4 Re5 23. d5 Rh5 24. Qd4 Rxh2 25. Rxc6 Nh5 26. e5 Re8 27. Nf3 Rd8 28. Rac1 Nf4 29. Qxf4 Rh5 30. Rd6 Qe7 31. Rxd8+ Qxd8 32. d6 Bh6 33. Qd4 Bxc1 34. Bxc1 Rf5 35. Bb2 Kf8 36. e6 fxe6 37. Qh8+ Kf7 38. Qxd8 1-0

[Event "Curitiba Sul Regional-ch"]
[Site "Curitiba"]
[Date "2015.07.11"]
[Round "4"]
[White "Do Prado, Arthur Rosa"]
[Black "De Bem, Lais Colin"]
[Result "0-1"]
[WhiteElo "1800"]
[BlackElo "1601"]
[PlyCount "88"]
[EventDate "2015.07.10"]
[EventType "swiss"]
[EventRounds "6"]
[EventCountry "BRA"]
[SourceTitle "EXT 2017"]
[Source "ChessBase"]
[SourceDate "2016.10.25"]
[SourceVersion "1"]
[SourceVersionDate "2016.10.25"]
[SourceQuality "1"]

1. c4 c5 2. b3 Nf6 3. Bb2 d6 4. g3 Nbd7 5. Bg2 g6 6. Nf3 Bg7 7. 0-0 0-0 8. d4 cxd4 9. Bxd4 Qc7 10. Nbd2 Nc5 11. Re1 Bf5 12. Rc1 a6 13. Bxc5 Qxc5 14. e4 Bd7 15. e5 Ng4 16. Ne4 Qb6 17. exd6 exd6 18. Qxd6 Bc6 19. Qc5 Qxc5 20. Nxc5 Rad8 21. h3 Nf6 22. Ne5 Bxg2 23. Kxg2 b6 24. Nb7 Rd2 25. c5 bxc5 26. Nxc5 Rxa2 27. Ned7 Nxd7 28. Nxd7 Bd4 29. Rf1 Rd8 30. Nc5 Rc8 31. Rcd1 Bxc5 32. Rc1 Rb2 33. Rc3 a5 34. h4 Rc7 35. Rd3 Rb7 36. Rd8+ Kg7 37. Ra8 Ra7 38. Rxa7 Bxa7 39. Ra1 Rxf2+ 40. Kh3 Bb6 41. Rb1 Rf3 42. Kg4 Rd3 43. Kf4 Bc7+ 44. Ke4 Rxg3 0-1

[Event "Florianopolis Cordioli Memorial"]
[Site "Florianopolis"]
[Date "2015.07.05"]
[Round "7"]
[White "De Bem, Lais Colin"]
[Black "Moro, Antonio Renato Pere"]
[Result "0-1"]
[WhiteElo "1601"]
[BlackElo "1812"]
[PlyCount "80"]
[EventDate "2015.07.03"]
[EventType "swiss"]
[EventRounds "7"]
[EventCountry "BRA"]
[SourceTitle "EXT 2016"]
[Source "ChessBase"]
[SourceDate "2015.10.08"]
[SourceVersion "1"]
[SourceVersionDate "2015.10.08"]
[SourceQuality "1"]

1. c4 f5 2. d4 e6 3. a3 Nf6 4. Nf3 Be7 5. b4 0-0 6. Bb2 d5 7. e3 Ne4 8. Nbd2 Nd7 9. Be2 Qe8 10. Qc2 Bd8 11. 0-0 Ndf6 12. Ne5 Bd7 13. Rfc1 Ba4 14. Qd3 a6 15. f3 Nd6 16. cxd5 Bb5 17. Ndc4 Nxc4 18. Nxc4 exd5 19. Qxf5 Bxc4 20. Bxc4 Qxe3+ 21. Kh1 dxc4 22. Rxc4 Qe2 23. Rc2 Qe3 24. Rcc1 Qb3 25. Rab1 c6 26. Rc3 Qd5 27. Qd3 Bb6 28. Rcc1 Rfe8 29. Kg1 Rad8 30. Rd1 Re7 31. Rd2 Rde8 32. Kf2 Qh5 33. Kg1 Nd5 34. Qc4 Bc7 35. h3 Qg5 36. Rdd1 Qg3 37. Kf1 Kh8 38. Qd3 Ne3+ 39. Ke2 Qxg2+ 40. Ke1 Nc2# 0-1

[Event "Florianopolis Cordioli Memorial"]
[Site "Florianopolis"]
[Date "2015.07.04"]
[Round "4"]
[White "Costa, Ane Caroline"]
[Black "De Bem, Lais Colin"]
[Result "1/2-1/2"]
[WhiteElo "1756"]
[BlackElo "1601"]
[PlyCount "135"]
[EventDate "2015.07.03"]
[EventType "swiss"]
[EventRounds "7"]
[EventCountry "BRA"]
[SourceTitle "EXT 2016"]
[Source "ChessBase"]
[SourceDate "2015.10.08"]
[SourceVersion "1"]
[SourceVersionDate "2015.10.08"]
[SourceQuality "1"]

1. d4 d5 2. Nf3 Nf6 3. g3 e6 4. c4 dxc4 5. Qa4+ Nbd7 6. Qxc4 c5 7. Bg2 a6 8. dxc5 Bxc5 9. 0-0 Qc7 10. Qb3 b5 11. Bf4 Qb6 12. Nc3 Bb7 13. Nd2 Bxg2 14. Kxg2 0-0 15. a4 bxa4 16. Rxa4 Qxb3 17. Nxb3 Bb6 18. Rfa1 e5 19. Bc1 Rab8 20. Rxa6 Bxf2 21. Kxf2 Rxb3 22. R6a3 Rxa3 23. Rxa3 Rb8 24. Ra5 Kf8 25. Rb5 Rxb5 26. Nxb5 Ke7 27. Kf3 Nc5 28. Nc3 Ke6 29. Be3 Nb3 30. h3 Nd5 31. Nxd5 Kxd5 32. Bb6 Nd2+ 33. Kf2 Nc4 34. Bc7 Nxb2 35. Kf3 Nc4 36. Bb8 Nd2+ 37. Kf2 Ke4 38. Bc7 f5 39. Bb8 f4 40. gxf4 exf4 41. h4 h5 42. Bc7 Kf5 43. Ba5 Nc4 44. Bd8 Kg4 45. Bc7 Ne3 46. Bd8 Nf5 47. e4 fxe3+ 48. Ke2 Nxh4 49. Kxe3 Nf5+ 50. Kf2 h4 51. Kg2 h3+ 52. Kh2 Ne3 53. Bc7 g5 54. Bb8 Nd5 55. Ba7 Nf4 56. Bf2 Kf3 57. Be1 g4 58. Bg3 Ne2 59. Bh4 Kf4 60. Be1 Nd4 61. Bd2+ Kf5 62. Kg3 Nf3 63. Ba5 h2 64. Kg2 g3 65. Bc7 Ne1+ 66. Kh1 g2+ 67. Kxh2 Kg4 68. Ba5 1/2-1/2

[Event "Florianopolis Cordioli Memorial"]
[Site "Florianopolis"]
[Date "2015.07.04"]
[Round "5"]
[White "De Bem, Lais Colin"]
[Black "De Lima, Lucas Correa"]
[Result "0-1"]
[WhiteElo "1601"]
[BlackElo "1754"]
[PlyCount "78"]
[EventDate "2015.07.03"]
[EventType "swiss"]
[EventRounds "7"]
[EventCountry "BRA"]
[SourceTitle "EXT 2016"]
[Source "ChessBase"]
[SourceDate "2015.10.08"]
[SourceVersion "1"]
[SourceVersionDate "2015.10.08"]
[SourceQuality "1"]

1. c4 c6 2. d4 d5 3. e3 Nf6 4. Nf3 e6 5. a3 a6 6. b4 Be7 7. Bb2 0-0 8. Qc2 Nbd7 9. Bd3 dxc4 10. Bxc4 Qc7 11. 0-0 Nb6 12. Bd3 Nbd5 13. e4 Nf4 14. e5 Nxd3 15. exf6 Nxb4 16. axb4 Bxf6 17. Nbd2 Qb6 18. Qc5 Qd8 19. Ne4 Be7 20. Qc3 Qd5 21. Rfe1 Re8 22. Ra5 Qd8 23. d5 Bf8 24. dxc6 bxc6 25. Rc5 Rb8 26. Rxc6 Rxb4 27. Nd6 Bb7 28. Nxb7 Rxb7 29. Rxa6 Qb8 30. Rb1 Rc8 31. Qd4 Rb4 32. Qd2 Rd8 33. Qc2 Rxb2 34. Rxb2 Qxb2 35. Qe4 Bc5 36. h3 Qxf2+ 37. Kh2 Ba7 38. Qb7 Bb8+ 39. Kh1 Rd1+ 0-1